Outsourcing IT služieb včera, dnes a zajtra

Minulé a súčasné trendy na trhu outsourcingových služieb. Poskytovanie kontraktov IT služieb. Faktory ďalšieho rozhodovania sa pri obnovovaní outsourcingových služieb.

Salvato in:
Dettagli Bibliografici
Autore principale: Bróska, Michal
Natura: Capitolo di libro
Lingua:slovacco
Soggetti:
Tags: Aggiungi Tag
Nessun Tag, puoi essere il primo ad aggiungerne!!

MARC

LEADER 00000naa a2200000 4500
001 0178836
005 20231011123242.3
041 0 |a slo 
044 |a SK 
245 1 0 |a Outsourcing IT služieb včera, dnes a zajtra  |c Michal Bróska 
520 |a Minulé a súčasné trendy na trhu outsourcingových služieb. Poskytovanie kontraktov IT služieb. Faktory ďalšieho rozhodovania sa pri obnovovaní outsourcingových služieb. 
610 2 0 |a outsourcing 
610 2 0 |a metódy organizácie 
610 2 0 |a metódy riadenia 
610 2 0 |a systémy informačné 
610 2 0 |a konkurencieschopnosť 
610 2 0 |a technológie informačné 
610 2 0 |a technológie komunikačné 
100 1 |a Bróska, Michal